The poems

Enregistré dans:
Détails bibliographiques
Auteur principal: William Butler Yeats
Format: Livre
Langue:Undetermined
Publié: London Everyman's Library 1990
Sujets:
Tags: Ajouter un tag
Pas de tags, Soyez le premier à ajouter un tag!
Thư viện lưu trữ: Trung tâm Học liệu Trường Đại học Cần Thơ
LEADER 00514nam a2200181Ia 4500
001 CTU_40096
008 210402s9999 xx 000 0 und d
082 |a 821.9 
082 |b Y41 
100 |a William Butler Yeats 
245 4 |a The poems 
245 0 |c William Butler Yeats 
260 |a London 
260 |b Everyman's Library 
260 |c 1990 
650 |a english literature - 20th century,english peotry - 20th century 
904 |i Minh, 001222 
980 |a Trung tâm Học liệu Trường Đại học Cần Thơ